000 00615cam a2200217 4500500
005 20260405003307.0
041 _afre
042 _adc
245 0 0 _aLes Nouvelles Figures de l’agir
260 _c2021.
500 _a2
690 _aAction
690 _aAlgorithme
690 _aEngagement
690 _aImpuissance
690 _aMiguel Benasayag
690 _aNature
690 _aPhénoménologie
786 0 _nPhilosophie magazine | 149 | 5 | 2021-05-01 | p. 95-96 | 1951-1787
856 4 1 _uhttps://shs.cairn.info/magazine-philosophie-magazine-2021-5-page-95?lang=fr&redirect-ssocas=7080
999 _c2066208
_d2066208